Electrical Circuits in Biomedical Engineering : (Record no. 6945)

MARC details
000 -LEADER
fixed length control field 00695nam a22002177a 4500
003 - CONTROL NUMBER IDENTIFIER
control field OSt
005 - DATE AND TIME OF LATEST TRANSACTION
control field 20210517093415.0
008 - FIXED-LENGTH DATA ELEMENTS--GENERAL INFORMATION
fixed length control field 210517b ||||| |||| 00| 0 eng d
020 ## - INTERNATIONAL STANDARD BOOK NUMBER
International Standard Book Number 9783319551005
040 ## - CATALOGING SOURCE
Transcribing agency DDC
082 ## - DEWEY DECIMAL CLASSIFICATION NUMBER
Classification number 613 ELE 1984
100 ## - MAIN ENTRY--PERSONAL NAME
Personal name Keskin, Ali Ümit
9 (RLIN) 14247
245 ## - TITLE STATEMENT
Title Electrical Circuits in Biomedical Engineering :
Remainder of title Problems with Solutions
260 ## - PUBLICATION, DISTRIBUTION, ETC. (IMPRINT)
Place of publication, distribution, etc. Cham, Switzerland :
Name of publisher, distributor, etc. Springer,
Date of publication, distribution, etc. 2017
300 ## - PHYSICAL DESCRIPTION
Extent xi, 812 p. :
Other physical details ill. (some color);
Dimensions 26cm
504 ## - BIBLIOGRAPHY, ETC. NOTE
Bibliography, etc Includes bibliographical references and index.
650 ## - SUBJECT ADDED ENTRY--TOPICAL TERM
Topical term or geographic name as entry element Electric circuits.
9 (RLIN) 14248
650 ## - SUBJECT ADDED ENTRY--TOPICAL TERM
Topical term or geographic name as entry element Medical electronics.
9 (RLIN) 14249
650 ## - SUBJECT ADDED ENTRY--TOPICAL TERM
Topical term or geographic name as entry element Biomedical engineering.
9 (RLIN) 2904
942 ## - ADDED ENTRY ELEMENTS (KOHA)
Source of classification or shelving scheme Dewey Decimal Classification
Koha item type Book
Holdings
Withdrawn status Lost status Source of classification or shelving scheme Damaged status Not for loan Home library Current library Date acquired Source of acquisition Inventory number Total Checkouts Full call number Barcode Date last seen Price effective from Koha item type Public note
    Dewey Decimal Classification     MUST Main Library MUST Main Library 02/08/2022 Purchase 22/41990   613 ELE 1984 2022-0742 02/08/2022 02/08/2022 Book  
    Dewey Decimal Classification     Main Kihumuro Campus Main Kihumuro Campus 17/05/2021 Purchase 21/41394   613 ELE 1984 2021-0532 17/05/2021 17/05/2021 Book Material in Hard copy